Top Languages of Nunavut - Statistics

General Stats
  • This quiz has been taken 49 times
  • The average score is 10 of 15
Answer Stats
Number of Speakers Language % Correct
34,455 English
100%
1,455 French
98%
240 Spanish
84%
25,635 Inuktitut
82%
60 German
77%
50 Hindi
77%
35 Russian
77%
60 Arabic
75%
285 Tagalog
64%
50 Urdu
61%
35 Mandarin
59%
30 Punjabi
59%
30 Cantonese
52%
50 Yoruba
20%
35 Shona
2%
No matching quizzes found
Score Distribution
Percent of People with Each Score
Percentile by Number Answered
Your Score History
You have not taken this quiz